00456nam a22001457a 4500041000800000082001500008100003100023245002200054260005300076300000700129650001300136942000700149952013700156999001700293 aENG a294.3bANA aAnanda Buddha Vihara Trust aSiddartha Gautama aSecunderabad, bAnanda Buddha Vihara Trustc1997 a36 aBuddhism cBK 00104070aHMIbHMIcGENd2024-06-24eBuddha Educational Foundationl1o294.3 ANAp11002732r2024-07-04s2024-06-24w2024-06-24yBK c23481d23481